Le poids des clefs de Saint Pierre suivi de Le reste de la vérité / (Record no. 121839)

MARC details
000 -LEADER
campo de control de longitud fija 00508nam a2200157 4500
001 - NÚMERO DE CONTROL
campo de control 121839
003 - IDENTIFICADOR DE NÚMERO DE CONTROL
campo de control ES-MaACL
005 - FECHA Y HORA DE LA ÚLTIMA TRANSACCIÓN
campo de control 20230906191834.0
007 - CAMPO FIJO DE DESCRIPCIÓN FÍSICA--INFORMACIÓN GENERAL
campo de control de longitud fija t|
008 - DATOS DE LONGITUD FIJA--INFORMACIÓN GENERAL
campo de control de longitud fija 070214n19001999fr r ||||1| fre d
100 1# - ENTRADA PRINCIPAL--NOMBRE DE PERSONA
Nombre de persona Ploncard d'Assac, Jacques.
9 (RLIN) 92662
245 13 - MENCIÓN DEL TÍTULO
Título Le poids des clefs de Saint Pierre suivi de Le reste de la vérité /
Mención de responsabilidad, etc. Jacques Ploncard d'Assac.
260 ## - PUBLICACIÓN, DISTRIBUCIÓN, ETC.
Lugar de publicación, distribución, etc. [S. l.] :
Nombre del editor, distribuidor, etc. [s. n.],
Fecha de publicación, distribución, etc. [19__?] (
Lugar de fabricación/manufactura Portugal :
Fabricante A. N. P.)
300 ## - DESCRIPCIÓN FÍSICA
Extensión 249 p. ;
Dimensiones 19 cm.
852 ## - LOCALIZACIÓN
Ubicación ES-MaACL
Número de control de estantería C-30037
Sublocalización o colección R.60439
Holdings
Estatus retirado Estado de pérdida Estado de daño No para préstamo Biblioteca de origen Biblioteca actual Ubicación en estantería Fecha de adquisición Fuente de adquisición Total de préstamos Signatura topográfica completa Código de barras Visto por última vez Precio de reemplazo Tipo de ítem Koha
        Biblioteca del Ateneo de Madrid Biblioteca del Ateneo de Madrid Depósito 2 17/01/2008     C-30037 1126966 23/02/2023 23/02/2023 Libro impreso